Fuerza del espíritu, acción civil no violenta fuerza de paz /

Detalles Bibliográficos
Autor principal: Pascual Morán, Anaida
Formato: Libro
Lenguaje:español
Publicado: Puerto Rico Publicaciones Puertoriqueñas 2003
Materias:
Acceso en línea:

MARC

LEADER 00000cam a2200000 a 4500
001 004477
003 UAHC_CL
005 20170803120039.0
008 041222b2003 pr 000 spa
020 |a 1881720888 
040 |a UAHC_CL  |c UAHC_CL  |d UAHC_CL 
100 1 |a Pascual Morán, Anaida 
245 1 0 |a Fuerza del espíritu, acción civil no violenta fuerza de paz /  |c Anaida Pascual Morán. 
260 |b Publicaciones Puertoriqueñas  |a Puerto Rico  |c 2003 
300 |a 321 p. 
521 |a Derechos Humanos 
650 4 |a PAZ  |x ASPECTOS SOCIALES 
650 4 |a VIOLENCIA  |x ASPECTOS SOCIALES 
653 |a PEDAGOGIA EN EDUCACION BASICA 
653 |a PEDAGOGIA EN EDUCACION DIFERENCIAL 
653 |a PEDAGOGIA EN EDUCACION PARVULARIA 
653 |a PEDAGOGIA EN HISTORIA Y CIENCIAS SOCIALES 
900 |a 303.69 PAS 
942 |c BK 
952 |0 0  |1 0  |4 0  |6 303_690000000000000_PAS  |7 0  |8 General  |9 10094  |a BC  |b BC  |c General  |d 2017-08-03  |l 0  |o 303.69 PAS  |p 1346822  |r 2026-01-13 00:00:00  |t 1  |w 2017-08-03  |y BK 
999 |c 4477  |d 4477